000 01274nam a22002417a 4500
003 TH-BaNU
005 20230404080820.0
008 230404b2022 TH ||||| |||| 00| 0 tha d
020 _a 5522840214287
040 _aTH-BaNU
100 _aสุชาติ สุภาพ
245 _aกัมมันตภาพรังสี และพลังงานนิวเคลียร์ (ปรับปรุงใหม่ 2564)
260 _aกรุงเทพฯ:
_bซีเอ็ดยูเคชั่น:
_c2565
300 _a156 หน้า
520 _aเป็นหนังสือที่เน้นการสื่อความหมายด้วยรูปภาพ ทำให้อ่านเข้าใจง่าย เหมาะสำหรับใช้ในการเตรียมตัวสอบในชั้นเรียน หรือสอบเรียนต่อ
650 _aคู่มือเรียน--สอบ
650 _aกัมมันตภาพรังสี
650 _aพลังงานนิวเคลียร์
850 _aKCNL
856 _uhttps://se-ed.belibcloud.com/book-detail/18408
_yse-ed e-library
942 _2local
_cEBK
998 _cbee
999 _c37602
_d37602